Mechanisms of adhesion in surface chlorinated thermoplastic rubber/thermoplastic polyurethane adhesive joints (Record no. 62784)

MARC details
000 -LEADER
fixed length control field 00545nam a2200169Ia 4500
100 ## - MAIN ENTRY--AUTHOR NAME
Personal name Pastor-Blas M M
245 #0 - TITLE STATEMENT
Title Mechanisms of adhesion in surface chlorinated thermoplastic rubber/thermoplastic polyurethane adhesive joints
260 ## - PUBLICATION, DISTRIBUTION, ETC. (IMPRINT)
Name of publisher Rubber Chemistry and Technology
Year of publication 2002
300 ## - PHYSICAL DESCRIPTION
Number of Pages 825-837
650 ## - SUBJECT ADDED ENTRY--TOPICAL TERM
Topical Term Adhesion
650 ## - SUBJECT ADDED ENTRY--TOPICAL TERM
Topical Term Chlorinated thermoplastic rubber
650 ## - SUBJECT ADDED ENTRY--TOPICAL TERM
Topical Term Polyurethane adhesive joints
700 ## - ADDED ENTRY--PERSONAL NAME
Personal name Boerio F J
700 ## - ADDED ENTRY--PERSONAL NAME
Personal name Martin-Martinez J M
942 ## - ADDED ENTRY ELEMENTS (KOHA)
Koha item type Journals
Holdings
Withdrawn status Lost status Damaged status Not for loan Home library Current library Shelving location Date acquired Serial Enumeration / chronology Koha item type
      Journals RRII Library RRII Library Rubber chemistry 20/03/2003 Volume 75, Issue 5 Journals